Statistiques concernant Culture générale

Cliquez ici pour prendre le quiz!

Statistiques générales

  • Ce quiz a été pris 140 fois
  • Le résultat moyen est 9 sur 25

Statistiques - réponses

QuestionsRéponses% Correct
Quel groupe sanguin est donneur universel ?O-
98%
Qui chante "La bohème" ?Charles Aznavour
71%
Quelle est la capitale du Népal ?Katmandou
65%
Quel président de la Vème République est mort pendant sa fonction ?Georges Pompidou
56%
En quelle année a été créé l'ONU ?1945
55%
Quel pilote brésilien est décédé en 1994 au circuit de Saint-Marin ?Ayrton Senna
49%
Sous quel pseudonyme est aussi connu Lucas Hauchard ?Squeezie
47%
Qui a peint "Le Cri" ?Edvard Munch
46%
Qui remplace le président en cas de décès ?Président du Sénat
46%
Dans quel sport Dick Fosbury s'est-il le plus illustré ?Saut en hauteur
37%
Que vaut MDLI en chiffre arabe ?1551
36%
Qui a inventé la pile électrique ?Alessandro Volta
31%
Quel parti politique américain a pour symbole un éléphant ?Les Républicains
31%
Quel pays est aussi appelé "Pays du matin calme" ?Corée du Sud
26%
Quelle figure de style est utilisée ici : "un silence assourdissant"Oxymore
26%
Quelle entreprise ont fondé Larry Page et Sergey Brin?Google
24%
Comment s'appelle le doyen du village d'Astérix ?Agecanonix
21%
Quelle est la fonction réciproque du logarithme népérien ?Exponentielle
21%
Quelle loi est aussi appelée "Principe fondamental de la dynamique" ?2ème loi de Newton
20%
Qui a énoncé 3 lois sur le mouvement des planètes ?Johannes Kepler
19%
Sous quel pseudonyme est plus connu le créateur de jeu vidéo Markus Persson ?Notch
19%
Quelle est la valeur du zéro absolu (en Celsius) ?-273
17%
Qui a composé la bande originale du film "Les dents de la mer" (1975) ?John Williams
9%
Quel est l'ingrédient principal de la pissaladière ?Oignon
6%
Qui a inventé le premier vaccin ?Edward Jenner
3%

Distribution des résultats

Percentile par nombre de réponses

% des personnes avec chaque résultat

Votre développement - résultats

Vous n’avez pas pris ce quiz